000 00453nam a2200157 4500
001 117327
003 ES-MaACL
005 20230906190859.0
007 t|
008 071121s1969 sp r ||||1| spa d
100 1 _aPeñalva, José Luis.
_990303
245 1 0 _aCincuenta años de revolución rusa /
_cJosé Luis Peñalva.
260 _aAlgorta ; Madrid :
_bZero : Fareso,
_c1969.
300 _a87 p. ;
_c17 cm.
852 _aES-MaACL
_jC-36887
_bR.71230
999 _c117327
_d117327